000 01174cab a2200409 4500
001 ABS55957
008 090401t1996 xxu||||| |||| 00| 0 eng d
035 _a(Sirsi) u20099
041 _aeng
245 _aLondon: West End
260 _c1996
350 _a0
490 _aProperty Week
_v57(1) 4 October 1996, 42-69(11)
650 _a30 BERKELEY SQUARE
650 _aALTERNATIVE USES
650 _aAVAILABILITY
650 _aCANARY WHARF
650 _aCARNABY STREET
650 _aCONVERSIONS
650 _aFOREIGN INVESTMENT
650 _aGERMAN INVESTORS
650 _aHAMMERSMITH EMBANKMENT OFFICE PARK
650 _aHEATHROW EXPRESS RAIL LINK
650 _aHOTELS
650 _aPROPERTY-COMMERCIAL PROPERTY-OFFICE PROPERTY-OFFICE PROPERTY MARKET
650 _aOFFICES
650 _aPADDINGTON
650 _aPROPERTY INVESTMENT
650 _aPRUDENTIAL
650 _aPROPERTY-COMMERCIAL PROPERTY-RETAIL PROPERTY-RETAIL PROPERTY MARKET
650 _aTAKE-UP
650 _aTALL BUILDINGS
650 _aWEST END OF LONDON
690 _aPROPERTY-COMMERCIAL PROPERTY-COMMERCIAL PROPERTY MARKET
942 _n0
948 _c04/03/1997
999 _c13465
_d13465